| 000 | 00694 a2200181 4500 | ||
|---|---|---|---|
| 003 | Nust | ||
| 005 | 20230221122416.0 | ||
| 040 | _cNust | ||
| 082 | _a327.54, CHO | ||
| 100 |
_aG.W. Choudhury _91192 |
||
| 245 |
_aIndia, Pakistan, Banglades, and the major powers _cG.W. Choudhury |
||
| 260 |
_aThe free press _bNew York _cLondon |
||
| 300 |
_axii, 276 p _billus _c18 cm |
||
| 505 | _aThe Soviet Union And The Subcontinent (Page-5), The United States And The Subcontinent (Page-71), China And The Subcontinent (Page-145), Bangladesh And Continuing Tensions (Page-199). | ||
| 600 |
_aG.W. Choudhury _91192 |
||
| 650 |
_aIndia, Pakistan, Banglades, and the major powers _9109334 |
||
| 942 |
_2ddc _cBK |
||
| 999 |
_c184343 _d184343 |
||